000 00932nam0a22002531 4500
001 rc\308092
005 20030307121948.9
035 _a(NLR Aleph) 005543397
090 _a5734153
_c5734153
100 _a20030307d1990 u |0rusy50 ca
101 0 _arus
102 _aRU
105 _aa |||||||||
200 1 _aПРИТОКИ Онежского озера
_e[Сб. ст.]
_fКар. науч. центр АН СССР. Отд. вод. пробл.
_g[Науч. ред. З.С. Кауфман]
210 _aПетрозаводск
_cКНЦ АН СССР
_d1990
215 _a162 с.
_cил.
_d20
320 _aБиблиогр. в конце ст.
702 1 _aКауфман
_bЗ. С.
_gЗалман Самуилович
_4340
712 2 _aАН СССР
_bКарельский науч. центр
_3RU\NLR\AUTH\8811518
801 0 _aRU
_bNLR
_gpsbo
801 1 _aRU
_bELAR
_2rusmarc
852 _aNLR
_j91-3/6848
942 _cBOOK
980 _aNB